Egyváltozós nemlineáris optimalizálás – a GLOBALIZER program ismertetése

Elmentve itt :
Bibliográfiai részletek
Szerző: Németh Katalin
További közreműködők: Csendes Tibor (Témavezető)
Dokumentumtípus: Szakdolgozat
Megjelent: 1999
Tárgyszavak:
Online Access:http://diploma.bibl.u-szeged.hu/1794
LEADER 00702nta a2200169 i 4500
001 dipl1794
005 20120531141605.0
008 110328s1999 hu om 0|| hun d
040 |a SZTE Diploma Repozitórium  |b hun 
041 |a hun 
100 1 |a Németh Katalin 
245 1 0 |a Egyváltozós nemlineáris optimalizálás – a GLOBALIZER program ismertetése  |h [elektronikus dokumentum] /  |c Katalin Németh 
260 |c 1999 
650 4 |a Informatika 
700 1 |a Csendes Tibor  |e ths 
856 4 0 |u http://diploma.bibl.u-szeged.hu/id/eprint/1794/1/1999_nemeth_katalin_1999_73.pdf  |z Dokumentum-elérés  
856 4 0 |u http://diploma.bibl.u-szeged.hu/id/eprint/1794/2/1999_nemeth_katalin_1999_73_biralat.pdf  |z Dokumentum-elérés